000 00566nam a2200169Ia 4500
005 20250923144957.0
008 008 250917s9999 xx 000 0 eng d
037 _aTextual
040 _aDSWL
_beng
_cDSWL
041 _aeng
_2eng
084 _aY164:4:69.1., N66
_qDSWL
245 0 _aStudy on legislative and administrative aspects of rehabilitation of the disabled in selection
_cby United Nations
260 _aNew York
_b United Nations
_c1964
300 _aV,175 p.
942 _cTEXL
_hY164:4:69.1., N66
999 _c1445596
_d1445596